|
|
|
|
| LEADER |
01675cam a2200457 a 4500 |
| 001 |
nkc20132502036 |
| 003 |
CZ PrNK |
| 005 |
20230123102653.0 |
| 007 |
ta |
| 008 |
130903s2013 xr a e f 001 0 cze d |
| 015 |
|
|
|a cnb002502036
|
| 020 |
|
|
|a 978-80-7433-070-4
|q (váz.)
|
| 035 |
|
|
|a (OCoLC)879563934
|
| 040 |
|
|
|a KLG001
|b cze
|d BOA001
|
| 041 |
1 |
|
|a cze
|h ger
|
| 072 |
|
7 |
|a 635
|x Zahrádkářství
|2 Konspekt
|9 24
|
| 080 |
|
|
|a 635.7
|2 MRF
|
| 080 |
|
|
|a 633.81/.82
|2 MRF
|
| 080 |
|
|
|a 633/635.01/.04
|2 MRF
|
| 080 |
|
|
|a (035)
|2 MRF
|
| 100 |
1 |
|
|a Mayer, Joachim
|7 xx0032525
|4 aut
|
| 245 |
1 |
0 |
|a Bylinky do kuchyně :
|b více než 99 rad pro rychlé řešení problémů /
|c Joachim Mayer ; [z německého originálu Die 99 schnellsten Antworten Kosmos Soforthelfer-Küchenkräuter ... přeložila Helena Kholová]
|
| 260 |
|
|
|a [Líbeznice] :
|b Víkend,
|c 2013
|
| 300 |
|
|
|a 124 s. :
|b barev. il. ;
|c 19 x 23 cm
|
| 490 |
1 |
|
|a Rychlý rádce
|
| 500 |
|
|
|a Obsahuje rejstřík
|
| 650 |
0 |
7 |
|a kořeninové rostliny
|7 ph115001
|2 czenas
|
| 650 |
0 |
7 |
|a aromatické rostliny
|7 ph114082
|2 czenas
|
| 650 |
0 |
7 |
|a pěstování rostlin
|7 ph183358
|2 czenas
|
| 650 |
0 |
9 |
|a spice plants
|2 eczenas
|
| 650 |
0 |
9 |
|a aromatic plants
|2 eczenas
|
| 650 |
0 |
9 |
|a plants cultivation
|2 eczenas
|
| 655 |
|
7 |
|a příručky
|7 fd133209
|2 czenas
|
| 655 |
|
9 |
|a handbooks and manuals
|2 eczenas
|
| 765 |
0 |
|
|t 99 schnellsten Antworten Kosmos Soforthelfer-Küchenkräuter
|9 Česky
|
| 830 |
|
0 |
|a Rychlý rádce
|0 s
|
| 910 |
2 |
|
|a BOA001
|b 2-1314.436
|
| 990 |
|
|
|a BK
|
| 995 |
|
|
|a 01
|
| 991 |
|
|
|b 201312
|c NOV
|e n
|
| 996 |
6 |
|
|b 2610570005
|c 2-1314.436
|l MZK
|r Sklad / do 1 hodiny
|n 3
|p p.v.
|w 001383406
|u 000010
|a 1
|e BOA001
|j MZK50
|s P
|